kenmerkende aspecten verkort - Statistieken

Algemene statistieken
  • Deze quiz is 46 keer genomen
  • De gemiddelde score is 5 van 32
Antwoordstatistieken
Tijdvakken Antwoord % Correct
16e eeuw Begin Europese overzeese expansie
56%
18e eeuw De Verlichting
56%
16e eeuw Nederlandse Opstand
56%
16e eeuw Protestantse reformatie
56%
16e eeuw Renaissance
56%
16e eeuw Hernieuwde oriëntatie op klassieke Oudheid
33%
20e eeuw De genocide / Holocaust
22%
17e eeuw De Gouden Eeuw
22%
19e eeuw De Industriële Revolutie
22%
20e eeuw Het voeren van twee wereldoorlogen
22%
19e eeuw Modern Imperialisme
22%
18e eeuw De democratische revoluties
11%
20e eeuw De Duitse bezetting van Nederland
11%
20e eeuw Dekolonisatie
11%
19e eeuw De opkomst van politiek-maatschappelijke stromingen
11%
17e eeuw De wetenschappelijke revolutie
11%
20e eeuw Europese eenwording/integratie
11%
20e eeuw Verzet tegen Westers Imperialisme
11%
17e eeuw Begin van de wereldeconomie
0%
20e eeuw De crisis van het wereldkapitalisme
0%
20e eeuw De Koude Oorlog
0%
19e eeuw De opkomst van emancipatiebewegingen
0%
19e eeuw De voortschrijdende democratisering
0%
19e eeuw Discussies over sociale kwestie
0%
18e eeuw Het ancien regime en verlicht absolutisme
0%
20e eeuw Massavernietigingswapens en de betrokkenheid van de burgerbevolking
0%
20e eeuw Multiculturele samenlevingen
0%
20e eeuw Opkomst van communicatie- en propagandamiddelen
0%
18e eeuw Slavernij en abolitionisme
0%
17e eeuw Streven naar absolutisme
0%
20e eeuw Toenemende westerse welvaart en sociaal-culturele veranderingen
0%
20e eeuw Totalitaire ideologieën: communisme, fascisme en nationaal-socialisme
0%
Geen overeenkomende quizzen gevonden
Scoreverdeling
Procent van Mensen met Elke Score
Percentiel versus Aantal Correcte Antwoorden
Uw Scoregeschiedenis
U heeft deze quiz nog niet genomen